00615nam a2200121Ia 4500008004100000100001600041245007300057245021500130260000900345300002300354440003800377650007800415171207s9999 xx 000 0 und d aGibbs, Paul aLiterature review on the use of action research in higher education  cPaul Gibbs, Patricia Cartney, Kate Wilkinson, John Parkinson, Sheila Cunningham, Carl James-Reynolds, Tarek Zoubir, Venetia Brown, Phil Barter, Pauline Sumner, Angus MacDonald, Asanka Dayananda & Alexandra Pitt c2017 apages 42816, 2017 aEducational Action Researchv25:1 aHigher education, action research, literature review, reflective practice